000 00601nam a22001932 4500
001 0000009835
005 20151217155844.0
008 081201s xx 000 0 eng d
040 _aKABU
_cKABU
100 1 _aGroenewegen, Ted G.
_@0000161602
245 1 0 _aSubject methods religious education :
_ba course book for teachers /
_cTed G. Groenewegen.
250 _a1st ed.
260 _aNairobi :
_bLectern,
_c1993.
300 _a130 p.
650 0 _aReligious education
_zKenya.
_@0000161603
852 1 _9p500 KES
908 _a081201
950 _@1
999 _c13301
_d13301